logo

Bir Sreshtho Munshi Abdur Rouf Library
Jhenaidah Cadet College

অর্থনীতি প্রথম পত্র একাদশ-দ্বাদশ শ্রেণি / (Record no. 8499)

MARC details
000 -LEADER
fixed length control field 00896nam a2200241 a 4500
001 - CONTROL NUMBER
JCCL Control Number 8499
003 - CONTROL NUMBER IDENTIFIER
JCCL marc code BD-JhCC
005 - DATE AND TIME OF LATEST TRANSACTION
control field 20180226103648.0
008 - FIXED-LENGTH DATA ELEMENTS--GENERAL INFORMATION
fixed length control field 180226s2013 bg a|||| ||a| 000 0 ben d
035 ## - SYSTEM CONTROL NUMBER
system control number (BD-JhCC)8499
040 ## - CATALOGING SOURCE
Original cataloging agency BD-JhCC
Modifying agency BD-JhCC
041 ## - LANGUAGE CODE
Language code of Book ben
082 ## - DEWEY DECIMAL CLASSIFICATION NUMBER
Classification number 330
Author mark and Year HOS 2013
100 ## - MAIN ENTRY--PERSONAL NAME
Personal name হোসেন, মো: কামাল
245 ## - TITLE STATEMENT
Title অর্থনীতি প্রথম পত্র একাদশ-দ্বাদশ শ্রেণি /
Statement of responsibility, etc মো: কামাল হোসেন, মো: বাহেজ উদ্দিন এবং মো: শামসুল হুদা
260 ## - PUBLICATION, DISTRIBUTION, ETC. (IMPRINT)
Place of publication, distribution, etc ঢাকা :
Name of publisher, distributor, etc পুথিনিলয়,
Date of publication, distribution, etc 2013
300 ## - PHYSICAL DESCRIPTION
Pagination 240 p. :
Dimensions 24 cm.
650 ## - SUBJECT ADDED ENTRY--TOPICAL TERM
Topical term or geographic name as entry element Economics
700 ## - ADDED ENTRY--PERSONAL NAME
Personal name উদ্দিন, মো: বাহেজ
700 ## - ADDED ENTRY--PERSONAL NAME
Personal name হুদা, মো: শামসুল
942 ## - ADDED ENTRY ELEMENTS (KOHA)
Source of classification or shelving scheme Dewey Decimal Classification
Koha item type Books
Holdings
Source of classification or shelving scheme Damaged status Not for loan Home library Current library Shelving location Date of accession Cost, normal purchase price Total Checkouts Full call number Barcode Date last seen Copy number Koha item type
Dewey Decimal Classification     JCC Rouf Library JCC Rouf Library General Stacks 02/26/2018 121.00   330 HOS 2013 11271 02/26/2018 C-1 Books

JCC Library | Contacts | JCC Home

Last Update on 23 September 2017
Copyright @ 2017-2020 JCC Rouf Library
Rouf Library, Jhenidah Cadet College (JCC), Bangladesh